[Event "Bayern-ch Seniors 13th"]
[Site "Schloss Schney"]
[Date "2001.??.??"]
[Round "1"]
[White "Bierbach, Utz Friedrich"]
[Black "Sladek, Horst"]
[Result "1-0"]
[WhiteElo "2055"]
[BlackElo "1593"]
[PlyCount "57"]
[EventDate "2001.06.??"]
[EventType "swiss"]
[EventRounds "9"]
[EventCountry "GER"]
[SourceTitle "EXT 2006"]
[Source "ChessBase"]
[SourceDate "2005.11.24"]
[SourceVersion "1"]
[SourceVersionDate "2005.11.24"]
[SourceQuality "1"]

1. d4 Nf6 2. c4 d6 3. Nc3 Bf5 4. f3 Nbd7 5. e4 Bg6 6. Be3 e5 7. Nge2 c5 8. dxc5 Nxc5 9. b4 Ncd7 10. Nb5 Qb8 11. Qa4 a6 12. Nbc3 Be7 13. Nd5 b5 14. cxb5 Nxd5 15. exd5 axb5 16. Qb3 0-0 17. Nc3 Rc8 18. Be2 Qb7 19. 0-0 Nb6 20. Bxb5 Qc7 21. Bc6 Rab8 22. a4 Bf8 23. Rfc1 Bd3 24. Nb5 Bxb5 25. Bxb5 Qd8 26. a5 Na8 27. Bc6 Nc7 28. a6 Nb5 29. a7 1-0

[Event "Bayern-ch Seniors 13th"]
[Site "Schloss Schney"]
[Date "2001.??.??"]
[Round "5"]
[White "Eckl, Josef"]
[Black "Sladek, Horst"]
[Result "1-0"]
[WhiteElo "1597"]
[BlackElo "1593"]
[PlyCount "28"]
[EventDate "2001.06.??"]
[EventType "swiss"]
[EventRounds "9"]
[EventCountry "GER"]
[SourceTitle "EXT 2006"]
[Source "ChessBase"]
[SourceDate "2005.11.24"]
[SourceVersion "1"]
[SourceVersionDate "2005.11.24"]
[SourceQuality "1"]

1. Nc3 e5 2. e4 Bc5 3. Nf3 d6 4. d4 exd4 5. Nxd4 h6 6. Be3 Ne7 7. Bd3 a6 8. Qd2 Ng6 9. Nf5 Bxf5 10. Bxc5 Be6 11. Be3 Nd7 12. f4 Nh4 13. f5 Bxf5 14. exf5 Nxg2+ 1-0

[Event "Bayern-ch Seniors 13th"]
[Site "Schloss Schney"]
[Date "2001.??.??"]
[Round "8"]
[White "Klose, Hans Peter"]
[Black "Sladek, Horst"]
[Result "1/2-1/2"]
[WhiteElo "1385"]
[BlackElo "1593"]
[PlyCount "33"]
[EventDate "2001.06.??"]
[EventType "swiss"]
[EventRounds "9"]
[EventCountry "GER"]
[SourceTitle "EXT 2006"]
[Source "ChessBase"]
[SourceDate "2005.11.24"]
[SourceVersion "1"]
[SourceVersionDate "2005.11.24"]
[SourceQuality "1"]

1. d4 Nf6 2. c4 d6 3. Nc3 b6 4. e4 h6 5. Be2 e6 6. Be3 Be7 7. e5 Nfd7 8. Bf3 c6 9. Nge2 dxe5 10. 0-0 exd4 11. Bxd4 Nf6 12. Be5 Bd7 13. Nb5 Na6 14. Nd6+ Kf8 15. Re1 Ne8 16. Qd4 f6 17. Nxe8 1/2-1/2

[Event "Bayern-ch Seniors 13th"]
[Site "Schloss Schney"]
[Date "2001.??.??"]
[Round "7"]
[White "Sladek, Horst"]
[Black "Jacobsen, Waldfried"]
[Result "1-0"]
[WhiteElo "1593"]
[BlackElo "1262"]
[PlyCount "97"]
[EventDate "2001.06.??"]
[EventType "swiss"]
[EventRounds "9"]
[EventCountry "GER"]
[SourceTitle "EXT 2006"]
[Source "ChessBase"]
[SourceDate "2005.11.24"]
[SourceVersion "1"]
[SourceVersionDate "2005.11.24"]
[SourceQuality "1"]

1. e4 e6 2. d4 c6 3. Nf3 Nf6 4. e5 Nd5 5. c4 Nc7 6. a3 h6 7. Nc3 Be7 8. Bd3 Bg5 9. Nxg5 hxg5 10. g3 b5 11. Qg4 f6 12. cxb5 Nd5 13. bxc6 dxc6 14. 0-0 Ba6 15. Bxa6 Nxa6 16. Qxe6+ Ne7 17. exf6 gxf6 18. Qxf6 Rf8 19. Qxg5 Qxd4 20. Be3 Qf6 21. Rfe1 Kd7 22. Rad1+ Kc7 23. Bf4+ Kb7 24. Qxf6 Rxf6 25. Rd7+ Kb6 26. Rexe7 Rf5 27. Be3+ c5 28. Rd1 Nb8 29. b4 Kc6 30. Bxc5 Rf6 31. Rxa7 Rxa7 32. Bxa7 Nd7 33. b5+ Kc7 34. Nd5+ Kc8 35. Nxf6 Nxf6 36. b6 Kb7 37. Rd7+ Nxd7 38. h4 Nf6 39. a4 Ng4 40. Kg2 Ne5 41. f4 Ng6 42. h5 Ne7 43. g4 Nd5 44. Kf3 Nf6 45. h6 Nh7 46. g5 Nf8 47. f5 Nh7 48. g6 Nf8 49. h7 1-0

[Event "Bayern-ch Seniors 13th"]
[Site "Schloss Schney"]
[Date "2001.??.??"]
[Round "9"]
[White "Zellner, Erwin"]
[Black "Sladek, Horst"]
[Result "1-0"]
[WhiteElo "1637"]
[BlackElo "1593"]
[PlyCount "131"]
[EventDate "2001.06.??"]
[EventType "swiss"]
[EventRounds "9"]
[EventCountry "GER"]
[SourceTitle "EXT 2006"]
[Source "ChessBase"]
[SourceDate "2005.11.24"]
[SourceVersion "1"]
[SourceVersionDate "2005.11.24"]
[SourceQuality "1"]

1. Nf3 d6 2. c4 g6 3. Nc3 Bg7 4. d4 c6 5. e4 Nd7 6. Be3 b6 7. Rc1 Bb7 8. Bd3 Ngf6 9. h3 c5 10. d5 a6 11. a4 0-0 12. 0-0 Ne8 13. Qc2 Ne5 14. Nxe5 Bxe5 15. Ne2 Qd7 16. f4 Bg7 17. Rf2 e6 18. Rcf1 f6 19. dxe6 Qxe6 20. f5 gxf5 21. Rxf5 Rf7 22. Nf4 Qe7 23. Nh5 Bc8 24. R5f3 Qe5 25. Nxg7 Nxg7 26. Bf4 Qe7 27. Rg3 Kf8 28. Bh6 Ke8 29. Qf2 Ne6 30. Rf3 Nd4 31. Rxf6 Rxf6 32. Qxf6 Ne6 33. Qxe7+ Kxe7 34. e5 Bd7 35. exd6+ Kxd6 36. Bf4+ Nxf4 37. Rxf4 Bxa4 38. Rf6+ Kc7 39. Rf7+ Bd7 40. Bxh7 b5 41. cxb5 axb5 42. Bf5 Rd8 43. Rxd7+ Rxd7 44. Bxd7 Kxd7 45. Kf2 Kd6 46. Ke3 Ke5 47. Kd3 Kf5 48. Ke3 Ke5 49. g4 c4 50. h4 b4 51. h5 c3 52. bxc3 bxc3 53. Kd3 Kf6 54. Kxc3 Kg5 55. Kd4 Kh6 56. Ke4 Kg5 57. Ke5 Kh6 58. Kf6 Kh7 59. g5 Kg8 60. g6 Kh8 61. h6 Kg8 62. g7 Kh7 63. Kf7 Kxh6 64. g8Q Kh5 65. Qg3 Kh6 66. Qh4# 1-0